|
|
|
|
| LEADER |
04003nam a2200577 4500 |
| 001 |
978-981-10-5493-8 |
| 003 |
DE-He213 |
| 005 |
20191026161712.0 |
| 007 |
cr nn 008mamaa |
| 008 |
181130s2018 si | s |||| 0|eng d |
| 020 |
|
|
|a 9789811054938
|9 978-981-10-5493-8
|
| 024 |
7 |
|
|a 10.1007/978-981-10-5493-8
|2 doi
|
| 040 |
|
|
|d GrThAP
|
| 050 |
|
4 |
|a RC261-271
|
| 072 |
|
7 |
|a MJCL
|2 bicssc
|
| 072 |
|
7 |
|a MED062000
|2 bisacsh
|
| 072 |
|
7 |
|a MJCL
|2 thema
|
| 082 |
0 |
4 |
|a 614.5999
|2 23
|
| 245 |
1 |
0 |
|a Photocarcinogenesis & Photoprotection
|h [electronic resource] /
|c edited by Ratan Singh Ray, Chandana Haldar, Ashish Dwivedi, Neeraj Agarwal, Jyoti Singh.
|
| 250 |
|
|
|a 1st ed. 2018.
|
| 264 |
|
1 |
|a Singapore :
|b Springer Singapore :
|b Imprint: Springer,
|c 2018.
|
| 300 |
|
|
|a XV, 177 p. 79 illus., 44 illus. in color.
|b online resource.
|
| 336 |
|
|
|a text
|b txt
|2 rdacontent
|
| 337 |
|
|
|a computer
|b c
|2 rdamedia
|
| 338 |
|
|
|a online resource
|b cr
|2 rdacarrier
|
| 347 |
|
|
|a text file
|b PDF
|2 rda
|
| 505 |
0 |
|
|a Module 1. Introduction of Ultra-Violet Radiation -- Module 2. Mechanism of UV-A & UV-B induced mutation in skin -- Module 3. Phototoxicity and Drugs -- Module 4. PAHs & Its Phototoxicity mechanism under UV-R -- Module 5. Photoaging -- Module 6. Epidemiological aspects of photocarcinogenesis -- Module 7. Immunomodulation & photocarcinogenesis -- Module 8. Molecular & Genetic response of human skin under UV-R -- Module 9. Role of personal care products and Phototoxicity -- Module 10. Protective role of phytochemicals against UV-R -- Module 11. Role of nanotechnology in skin cancer remedies -- Module 12. Future Challenges of UV-R induced skin diseases worldwide.
|
| 520 |
|
|
|a This book highlights the problem of UV-R-induced photocarcinogenesis and its molecular mechanism. It covers different photosensitive xenobiotics (drugs, cosmetics, and environmental pollutants) and their photosensitization mechanisms under ambient UV-R exposure. It also summarizes the role of nanotechnology in skin cancer remedies. It provides a brief overview of the various novel nanocarriers for cosmeceuticals like nanoemulsions, liposomes, solid lipid nanoparticles (SLNs), dendrimers, inorganic nanoparticles, nanocrystals, etc., nanotechnology-based cosmeceutical products which are available in the market. It highlights the possible health hazards caused by nanoparticles on exposure of nano-based cosmetics and describes the recent regulatory rules applied to avoid the nanotoxicity. .
|
| 650 |
|
0 |
|a Cancer research.
|
| 650 |
|
0 |
|a Radiation protection.
|
| 650 |
|
0 |
|a Radiation-Safety measures.
|
| 650 |
|
0 |
|a Immunology.
|
| 650 |
|
0 |
|a Nanotechnology.
|
| 650 |
|
0 |
|a Gene expression.
|
| 650 |
1 |
4 |
|a Cancer Research.
|0 http://scigraph.springernature.com/things/product-market-codes/B11001
|
| 650 |
2 |
4 |
|a Effects of Radiation/Radiation Protection.
|0 http://scigraph.springernature.com/things/product-market-codes/U13003
|
| 650 |
2 |
4 |
|a Immunology.
|0 http://scigraph.springernature.com/things/product-market-codes/B14000
|
| 650 |
2 |
4 |
|a Nanotechnology.
|0 http://scigraph.springernature.com/things/product-market-codes/Z14000
|
| 650 |
2 |
4 |
|a Gene Expression.
|0 http://scigraph.springernature.com/things/product-market-codes/B12010
|
| 700 |
1 |
|
|a Ray, Ratan Singh.
|e editor.
|4 edt
|4 http://id.loc.gov/vocabulary/relators/edt
|
| 700 |
1 |
|
|a Haldar, Chandana.
|e editor.
|4 edt
|4 http://id.loc.gov/vocabulary/relators/edt
|
| 700 |
1 |
|
|a Dwivedi, Ashish.
|e editor.
|4 edt
|4 http://id.loc.gov/vocabulary/relators/edt
|
| 700 |
1 |
|
|a Agarwal, Neeraj.
|e editor.
|4 edt
|4 http://id.loc.gov/vocabulary/relators/edt
|
| 700 |
1 |
|
|a Singh, Jyoti.
|e editor.
|4 edt
|4 http://id.loc.gov/vocabulary/relators/edt
|
| 710 |
2 |
|
|a SpringerLink (Online service)
|
| 773 |
0 |
|
|t Springer eBooks
|
| 776 |
0 |
8 |
|i Printed edition:
|z 9789811054921
|
| 776 |
0 |
8 |
|i Printed edition:
|z 9789811054945
|
| 856 |
4 |
0 |
|u https://doi.org/10.1007/978-981-10-5493-8
|z Full Text via HEAL-Link
|
| 912 |
|
|
|a ZDB-2-SBL
|
| 950 |
|
|
|a Biomedical and Life Sciences (Springer-11642)
|